000 00735nam a2200229 i 4500
003 DO-SdBNP
005 20250220091043.0
007 ta
008 250220b2007 dr ||||| |||| 00| 0 spa d
040 _aDO-SdBNP
_bspa
_cBNPHU
_erda
082 4 _222
_axxx
_bS211p
100 _aSánchez Brea, Pedro Arnaldo,
_eautor
_4aut.
_986997
245 1 0 _aPartidos políticos crisis o nacimiento :
_bel caso dominicano /
_cPedro Arnaldo Sánchez Brea
264 1 _aSanto Domingo :
_bEdiciones SOCIEDARTE,
_c2007.
300 _a189 páginas ;
_c20 cm.
336 _atexto
_btxt
_2rdacontent
337 _asin mediación
_bn
_2rdamedia
338 _avolumen
_bnc
_2rdacarier
590 _aInventariado, 2025/BT
910 _aBtavárez
942 _2ddc
_cLBS1
999 _c58145
_d58145